[Event "Ambalangoda Dhamso op 6th"]
[Site "Ambalangoda"]
[Date "2016.04.30"]
[Round "3"]
[White "Devnaka, Chamin"]
[Black "Thiyasara, KT Thisen"]
[Result "0-1"]
[WhiteElo "1357"]
[BlackElo "1765"]
[PlyCount "74"]
[EventDate "2016.04.29"]
[EventType "swiss"]
[EventRounds "9"]
[EventCountry "SRI"]
[SourceTitle "EXT 2017"]
[Source "ChessBase"]
[SourceDate "2016.10.25"]
[SourceVersion "1"]
[SourceVersionDate "2016.10.25"]
[SourceQuality "1"]

1. e4 c5 2. Nc3 g6 3. f4 Bg7 4. Nf3 Nc6 5. Bb5 Nd4 6. 0-0 a6 7. Bd3 e6 8. b3 Ne7 9. Bb2 d5 10. e5 Nxf3+ 11. Qxf3 b5 12. Ne2 Qb6 13. Qf2 Rb8 14. Ng3 0-0 15. c4 bxc4 16. bxc4 d4 17. Rab1 Qc7 18. Ne4 Bb7 19. Nf6+ Bxf6 20. exf6 Nf5 21. Rfe1 Qd8 22. Be4 Bxe4 23. Rxe4 Qxf6 24. Ba3 Qe7 25. Rxb8 Rxb8 26. Qf1 Qc7 27. Re5 Qa5 28. Qd3 Qa4 29. Rxc5 Qd1+ 30. Kf2 Rb1 31. Rc8+ Kg7 32. Bf8+ Kf6 33. Qe2 Qg1+ 34. Kf3 Re1 35. Qd3 h5 36. Rc5 Rf1+ 37. Ke4 Qxg2+ 0-1